Catálogo público

Plagas y enfermedades de los cítricos / (Record no. 207552)

MARC details
000 -CABECERA
campo de control de longitud fija 00946nam a2200325Ia 4500
001 - NÚMERO DE CONTROL
campo de control Para_8771
003 - IDENTIFICADOR DEL NÚMERO DE CONTROL
campo de control CHAP
008 - DATOS DE LONGITUD FIJA--INFORMACIÓN GENERAL
campo de control de longitud fija 220125s2002 xx 000 0 und d
010 ## - NÚMERO DE CONTROL DE LA BIBLIOTECA DEL CONGRESO
Número de control de LC 207552
040 ## - FUENTE DE LA CATALOGACIÓN
Centro/agencia transcriptor CHAP
082 ## - NÚMERO DE LA CLASIFICACIÓN DECIMAL DEWEY
Número de clasificación PA 634.3 W5y
100 ## - ENTRADA PRINCIPAL--NOMBRE DE PERSONA
Nombre de persona Timmer, L.W.
9 (RLIN) 113330
245 ## - MENCIÓN DE TÍTULO
Título Plagas y enfermedades de los cítricos /
Mención de responsabilidad, etc. editado. por L.W. Timmer, S.M. Garnsey y J.H. Graham
260 ## - PUBLICACIÓN, DISTRIBUCIÓN, ETC.
Lugar de publicación, distribución, etc. Madrid :
Nombre del editor, distribuidor, etc. Mundi Prensa
300 ## - DESCRIPCIÓN FÍSICA
Extensión 95 p.
500 ## - NOTA GENERAL
Nota general Traduccion de: Compendium of citrus diseases
503 ## - NOTA DE HISTORIA BIBLIOGRÁFICA (BK CF MU) [OBSOLETO]
Nota de historia bibliográfica C/e (ej.1)
650 ## - PUNTO DE ACCESO ADICIONAL DE MATERIA--TÉRMINO DE MATERIA
Término de materia o nombre geográfico como elemento de entrada Cítricos
Subdivisión general enfermedades
9 (RLIN) 24423
650 ## - PUNTO DE ACCESO ADICIONAL DE MATERIA--TÉRMINO DE MATERIA
Término de materia o nombre geográfico como elemento de entrada Cítricos
Subdivisión general plagas
9 (RLIN) 24458
700 ## - PUNTO DE ACCESO ADICIONAL--NOMBRE DE PERSONA
Nombre de persona Garnsey, S.M.
700 ## - PUNTO DE ACCESO ADICIONAL--NOMBRE DE PERSONA
Nombre de persona Graham, J.H.
9 (RLIN) 50205
710 ## - PUNTO DE ACCESO ADICIONAL--NOMBRE DE ENTIDAD CORPORATIVA
Nombre de entidad corporativa o nombre de jurisdicción como elemento de entrada The American Phytopathology Society
9 (RLIN) 174125
901 ## - ELEMENTOS DE DATOS A LOCAL LDA (RLIN)
a PA 634.3 W5Y
902 ## - ELEMENTOS DE DATOS B LOCAL, LDB (RLIN)
a M
905 ## - ELEMENTOS DE DATOS E LOCAL, LDE (RLIN)
a 0000002002 ad 0000000000 00
910 ## - DATOS DE OPCIÓN DEL USUARIO (OCLC)
Datos de opción del usuario 2002
942 ## - ELEMENTOS DE PUNTO DE ACCESO ADICIONAL (KOHA)
Tipo de ítem Koha Parasitologia_
942 ## - ELEMENTOS DE PUNTO DE ACCESO ADICIONAL (KOHA)
Tipo de ítem Koha Parasitologia_
-- 1
Holdings
Estado de retiro Estado de pérdida Fuente del sistema de clasificación o colocación Estado dañado No para préstamo Código de colección Localización permanente Ubicación/localización actual Fecha de adquisición Número de inventario Total de préstamos Signatura topográfica completa Código de barras Fecha visto por última vez Número de copia Precio válido a partir de Tipo de ítem Koha Nota pública Fecha del último préstamo
    Dewey Decimal Classification     General Parasitologia Agricola Parasitologia Agricola 07/02/2011 (PA_09574) (No. UACh C/E)   PA 634.3 W5y 4102003427 25/01/2022 Ej.5 25/01/2022 Libro 3  
    Dewey Decimal Classification     General Parasitologia Agricola Parasitologia Agricola 27/10/2005 (PA_8503) (No. UACh C/E)   PA 634.3 W5y 4102003423 25/01/2022 Ej.1 25/01/2022 Libro 2  
    Dewey Decimal Classification     General Parasitologia Agricola Parasitologia Agricola 22/08/2007 (PA_09133) (No. UACh C/E)   PA 634.3 W5y 4102003424 25/01/2022 Ej.2 25/01/2022 Libro 3  
    Dewey Decimal Classification     General Parasitologia Agricola Parasitologia Agricola 07/02/2011 (PA_09572) (No. UACh C/E) 1 PA 634.3 W5y 4102003425 08/02/2023 Ej.3 25/01/2022 Libro 3 06/02/2023
    Dewey Decimal Classification     General Parasitologia Agricola Parasitologia Agricola 07/02/2011 (PA_09573) (No. UACh C/E)   PA 634.3 W5y 4102003426 25/01/2022 Ej.4 25/01/2022 Libro 3